[Event "Titled Tuesday intern op 17th Aug"]
[Site "Chess.com INT"]
[Date "2021.08.17"]
[Round "2"]
[White "Bengtson, Matthew"]
[Black "Ljukin, Sergei"]
[Result "1/2-1/2"]
[WhiteElo "2250"]
[BlackElo "2362"]
[PlyCount "78"]
[EventDate "2021.08.17"]
[EventType "swiss (blitz)"]
[EventRounds "11"]
[EventCountry "USA"]
[SourceTitle "EXT 2022"]
[Source "ChessBase"]
[SourceDate "2021.10.06"]
[SourceVersion "1"]
[SourceVersionDate "2021.10.06"]
[SourceQuality "1"]

1. Nf3 d5 2. c4 c6 3. d4 Nf6 4. Nc3 dxc4 5. a4 Bf5 6. e3 e6 7. Bxc4 Bb4 8. 0-0 Nbd7 9. Nh4 0-0 10. f3 Bg6 11. Qb3 a5 12. Na2 Bd6 13. Nxg6 hxg6 14. e4 e5 15. Be3 Qe7 16. Rad1 exd4 17. Bxd4 Bc5 18. Qe3 Rad8 19. Nc3 Bxd4 20. Rxd4 Ne5 21. Bb3 c5 22. Rxd8 Rxd8 23. Nd5 Nxd5 24. Bxd5 b6 25. Rd1 g5 26. Qb3 Rd6 27. Qc3 Rh6 28. Qe3 Rd6 29. Qd2 Rh6 30. Qe3 Ng6 31. Bc4 Qe5 32. h3 Qxb2 33. Qxg5 Nf8 34. Rd8 Qc3 35. Qe7 Qc1+ 36. Kh2 Qf4+ 37. Kg1 Qc1+ 38. Kh2 Qf4+ 39. Kg1 Qc1+ 1/2-1/2

[Event "Titled Tuesday intern op 17th Aug"]
[Site "Chess.com INT"]
[Date "2021.08.17"]
[Round "11"]
[White "Bengtson, Matthew"]
[Black "Provaznik, Michal"]
[Result "1/2-1/2"]
[WhiteElo "2250"]
[BlackElo "2127"]
[PlyCount "192"]
[EventDate "2021.08.17"]
[EventType "swiss (blitz)"]
[EventRounds "11"]
[EventCountry "USA"]
[SourceTitle "EXT 2022"]
[Source "ChessBase"]
[SourceDate "2021.10.06"]
[SourceVersion "1"]
[SourceVersionDate "2021.10.06"]
[SourceQuality "1"]

1. Nf3 d5 2. c4 d4 3. b4 Nf6 4. Bb2 e5 5. Nxe5 Nbd7 6. Nxd7 Bxd7 7. Bxd4 Bxb4 8. e3 0-0 9. Be2 Re8 10. 0-0 c5 11. Bc3 Bc6 12. Bxb4 cxb4 13. d4 Ne4 14. f3 Ng5 15. d5 Bd7 16. Qd4 Qe7 17. h4 Qxe3+ 18. Qxe3 Rxe3 19. Kf2 Rae8 20. Bd1 Ne4+ 21. fxe4 R3xe4 22. Nd2 Rd4 23. Nf3 Rxc4 24. Bb3 Rf4 25. Rfe1 Kf8 26. Rxe8+ Bxe8 27. Rc1 h6 28. Ke3 Rg4 29. Rc7 Rxg2 30. Rxb7 g5 31. hxg5 hxg5 32. d6 g4 33. Nh4 Rh2 34. Nf5 Rg2 35. d7 Bxd7 36. Rxd7 Ke8 37. Rxf7 g3 38. Re7+ Kd8 39. Rg7 a5 40. Rxg3 Rb2 41. Be6 a4 42. Rg8+ Kc7 43. Ra8 b3 44. axb3 axb3 45. Nd4 Ra2 46. Rxa2 bxa2 47. Bxa2 Kd6 48. Ke4 Kc5 49. Nc2 Kd6 50. Kd4 Ke7 51. Ke5 Kf8 52. Be6 Kg7 53. Kf5 Kh6 54. Bf7 Kg7 55. Bg6 Kh6 56. Nd4 Kg7 57. Ne6+ Kh6 58. Nf4 Kg7 59. Kg5 Kf8 60. Kf6 Kg8 61. Ne6 Kh8 62. Ng5 Kg8 63. Nf7 Kf8 64. Bh7 Ke8 65. Ne5 Kf8 66. Bd3 Ke8 67. Ke6 Kd8 68. Nd7 Kc7 69. Ke7 Kc6 70. Be4+ Kb5 71. Kd6 Kc4 72. Ne5+ Kc3 73. Kd5 Kb2 74. Kc4 Ka3 75. Kc3 Ka2 76. Nd3 Ka1 77. Nc5 Ka2 78. Nb3 Ka3 79. Bb1 Ka4 80. Nd4 Ka5 81. Kc4 Kb6 82. Bf5 Kc7 83. Kd5 Kd8 84. Kd6 Ke8 85. Ke6 Kf8 86. Kf6 Kg8 87. Ne6 Kh8 88. Ng5 Kg8 89. Be6+ Kh8 90. Bf5 Kg8 91. Nf7 Kf8 92. Bh7 Ke8 93. Bd3 Kd7 94. Ke5 Ke7 95. Nd6 Kd7 96. Be4 Ke7 1/2-1/2

[Event "Titled Tuesday intern op 17th Aug"]
[Site "Chess.com INT"]
[Date "2021.08.17"]
[Round "9"]
[White "Bengtson, Matthew"]
[Black "Sahil, Tickoo"]
[Result "1/2-1/2"]
[WhiteElo "2250"]
[BlackElo "2201"]
[PlyCount "66"]
[EventDate "2021.08.17"]
[EventType "swiss (blitz)"]
[EventRounds "11"]
[EventCountry "USA"]
[SourceTitle "EXT 2022"]
[Source "ChessBase"]
[SourceDate "2021.10.06"]
[SourceVersion "1"]
[SourceVersionDate "2021.10.06"]
[SourceQuality "1"]

1. Nf3 d5 2. c4 e6 3. g3 Nf6 4. Bg2 dxc4 5. Qa4+ Nbd7 6. 0-0 a6 7. Qxc4 b5 8. Qb3 Bb7 9. d3 c5 10. a4 Qb6 11. axb5 axb5 12. Rxa8+ Bxa8 13. Na3 Bc6 14. Nd2 Nd5 15. e4 Nb4 16. Nc2 Nxc2 17. Qxc2 Be7 18. b3 0-0 19. Bb2 Rc8 20. Ra1 Ra8 21. Qb1 Bf8 22. Rxa8 Bxa8 23. Qa1 Bb7 24. h4 Qa6 25. Qxa6 Bxa6 26. Kf1 f6 27. Ke2 Kf7 28. Bh3 Nb8 29. Nf3 Nc6 30. Kd2 Bd6 31. d4 cxd4 32. Nxd4 Nxd4 33. Bxd4 Bb7 1/2-1/2

[Event "Titled Tuesday intern op 17th Aug"]
[Site "Chess.com INT"]
[Date "2021.08.17"]
[Round "3"]
[White "Bengtson, Matthew"]
[Black "Tokman, Ariel"]
[Result "0-1"]
[WhiteElo "2250"]
[BlackElo "2316"]
[PlyCount "76"]
[EventDate "2021.08.17"]
[EventType "swiss (blitz)"]
[EventRounds "11"]
[EventCountry "USA"]
[SourceTitle "EXT 2022"]
[Source "ChessBase"]
[SourceDate "2021.10.06"]
[SourceVersion "1"]
[SourceVersionDate "2021.10.06"]
[SourceQuality "1"]

1. Nf3 Nf6 2. c4 c5 3. Nc3 e6 4. g3 d5 5. cxd5 Nxd5 6. Bg2 Be7 7. 0-0 0-0 8. d4 cxd4 9. Nxd5 exd5 10. Nxd4 Nc6 11. Be3 Re8 12. Rc1 Ne5 13. Nb3 Nc4 14. Bd4 Bg4 15. Re1 Bb4 16. Bc3 Bxc3 17. bxc3 Be6 18. Qd4 Qd6 19. Rcd1 Red8 20. Nd2 Ne5 21. Ne4 Qc7 22. Nd2 Nc6 23. Qa4 Rac8 24. c4 dxc4 25. Nxc4 Nd4 26. Nd2 b5 27. Qa6 Rd6 28. Qb7 Qxb7 29. Bxb7 Rcd8 30. Rb1 Nc2 31. Ne4 Nxe1 32. Nxd6 Rxd6 33. Rxe1 Rd2 34. Ra1 Rxa2 35. Rd1 g6 36. Rd8+ Kg7 37. Bc6 b4 38. Rb8 b3 0-1

[Event "Titled Tuesday intern op 17th Aug"]
[Site "Chess.com INT"]
[Date "2021.08.17"]
[Round "6"]
[White "Zaichenko, Daria"]
[Black "Bengtson, Matthew"]
[Result "1/2-1/2"]
[WhiteElo "2104"]
[BlackElo "2250"]
[PlyCount "53"]
[EventDate "2021.08.17"]
[EventType "swiss (blitz)"]
[EventRounds "11"]
[EventCountry "USA"]
[SourceTitle "EXT 2022"]
[Source "ChessBase"]
[SourceDate "2021.10.06"]
[SourceVersion "1"]
[SourceVersionDate "2021.10.06"]
[SourceQuality "1"]

1. e4 c5 2. Nf3 d6 3. d4 cxd4 4. Nxd4 Nf6 5. Nc3 Nc6 6. Bc4 Qb6 7. Nb3 e6 8. Be3 Qc7 9. 0-0 a6 10. a4 Ne5 11. Be2 Be7 12. Qd4 0-0 13. h3 Rb8 14. a5 Bd7 15. f4 Nc6 16. Qb6 Qxb6 17. Bxb6 Rfc8 18. Bf3 Nb4 19. Rf2 e5 20. f5 Bc6 21. Rd1 h6 22. g4 Nd7 23. Ba7 Ra8 24. Be3 Rab8 25. Ba7 Ra8 26. Be3 Rab8 27. Ba7 1/2-1/2

[Event "Titled Tuesday intern op 10th Aug"]
[Site "Chess.com INT"]
[Date "2021.08.10"]
[Round "10"]
[White "Bengtson, Matthew"]
[Black "Seletsky, Grigory"]
[Result "1/2-1/2"]
[WhiteElo "2250"]
[BlackElo "2272"]
[PlyCount "103"]
[EventDate "2021.08.10"]
[EventType "swiss (blitz)"]
[EventRounds "11"]
[EventCountry "USA"]
[SourceTitle "CBM 203 Extra"]
[Source "ChessBase"]
[SourceDate "2021.09.30"]
[SourceVersion "1"]
[SourceVersionDate "2021.09.30"]
[SourceQuality "1"]

1. Nf3 d5 2. c4 dxc4 3. e3 Nf6 4. Bxc4 e6 5. 0-0 c5 6. d4 cxd4 7. exd4 Be7 8. Nc3 0-0 9. Re1 Nc6 10. a3 a6 11. Qd3 b5 12. Ba2 Bb7 13. Bg5 Nh5 14. Bb1 g6 15. Bh6 Re8 16. d5 exd5 17. Nxd5 Bf6 18. Nxf6+ Qxf6 19. Ba2 Nf4 20. Bxf4 Qxf4 21. Qd7 Rxe1+ 22. Rxe1 Rb8 23. Bd5 Na5 24. g3 Qf6 25. Re8+ Rxe8 26. Qxe8+ Kg7 27. Bxb7 Nxb7 28. Qe5 Nd6 29. b3 Qxe5 30. Nxe5 Kf6 31. Nd7+ Ke7 32. Nc5 a5 33. a4 bxa4 34. bxa4 Kd8 35. Kf1 Kc7 36. Ke2 Kc6 37. Nb3 Nb7 38. Kd3 Kd5 39. f3 f6 40. Kc3 h6 41. Kd3 g5 42. Kc3 h5 43. Kd3 Nc5+ 44. Nxc5 Kxc5 45. Kc3 f5 46. h3 h4 47. gxh4 gxh4 48. f4 Kd5 49. Kd3 Kc5 50. Kc3 Kd5 51. Kd3 Kc5 52. Kc3 1/2-1/2

[Event "Titled Tuesday intern op 10th Aug"]
[Site "Chess.com INT"]
[Date "2021.08.10"]
[Round "2"]
[White "Boskovic, Drasko"]
[Black "Bengtson, Matthew"]
[Result "1-0"]
[WhiteElo "2457"]
[BlackElo "2250"]
[PlyCount "107"]
[EventDate "2021.08.10"]
[EventType "swiss (blitz)"]
[EventRounds "11"]
[EventCountry "USA"]
[SourceTitle "CBM 203 Extra"]
[Source "ChessBase"]
[SourceDate "2021.09.30"]
[SourceVersion "1"]
[SourceVersionDate "2021.09.30"]
[SourceQuality "1"]

1. e4 c5 2. Nf3 d6 3. Bc4 Nf6 4. d3 e6 5. c3 Be7 6. Bb3 0-0 7. 0-0 Nc6 8. Re1 b6 9. Nbd2 Bb7 10. Nf1 b5 11. Ng3 b4 12. d4 bxc3 13. bxc3 cxd4 14. cxd4 Rb8 15. Bf4 Qa5 16. h3 Rfd8 17. Bd2 Qa3 18. Bc3 Na5 19. Nd2 Rdc8 20. Qf3 Nc6 21. Nh5 Nxh5 22. Qxh5 Bf6 23. e5 dxe5 24. dxe5 Be7 25. Ne4 Nb4 26. Re3 Bxe4 27. Rxe4 Rxc3 28. Rf4 Rc1+ 29. Kh2 g6 30. Qg4 Nd5 31. Bxd5 exd5 32. e6 Bd6 33. exf7+ Kg7 34. g3 Bxf4 35. Qxf4 Rf8 36. Rxc1 Rxf7 37. Qe5+ Kh6 38. Rc2 Qf3 39. h4 Qf5 40. Qe3+ Kg7 41. Rd2 Rd7 42. Qd4+ Kf7 43. a4 h6 44. Qh8 h5 45. a5 Qe6 46. Qh7+ Kf8 47. Qh8+ Kf7 48. Qd4 Qf6 49. Qc5 Kg7 50. Re2 d4 51. Rd2 Qf3 52. Qe5+ Kh7 53. Qe6 Qf7 54. Qe4 1-0

[Event "Titled Tuesday intern op 10th Aug"]
[Site "Chess.com INT"]
[Date "2021.08.10"]
[Round "3"]
[White "Dahanayake, Isara Banidu"]
[Black "Bengtson, Matthew"]
[Result "1-0"]
[WhiteElo "1721"]
[BlackElo "2250"]
[PlyCount "57"]
[EventDate "2021.08.10"]
[EventType "swiss (blitz)"]
[EventRounds "11"]
[EventCountry "USA"]
[SourceTitle "CBM 203 Extra"]
[Source "ChessBase"]
[SourceDate "2021.09.30"]
[SourceVersion "1"]
[SourceVersionDate "2021.09.30"]
[SourceQuality "1"]

1. e4 c5 2. Nf3 d6 3. d4 cxd4 4. Qxd4 a6 5. h3 Nc6 6. Qe3 Nf6 7. c4 g6 8. Be2 Bg7 9. 0-0 0-0 10. Nc3 Nd7 11. b3 Rb8 12. Rb1 Qa5 13. Bb2 b5 14. Nd5 Bxb2 15. Rxb2 bxc4 16. Bxc4 e6 17. Nc3 Nde5 18. Nxe5 dxe5 19. Na4 Nd4 20. f4 Bd7 21. Nc3 Rfc8 22. fxe5 Qxe5 23. Rd2 Nb5 24. Rxd7 Nxc3 25. Rfxf7 Nxe4 26. Rg7+ Kh8 27. Rxh7+ Kg8 28. Rhg7+ Kh8 29. Qh6# 1-0

[Event "Titled Tuesday intern op 10th Aug"]
[Site "Chess.com INT"]
[Date "2021.08.10"]
[Round "8"]
[White "Parkhov, Yair"]
[Black "Bengtson, Matthew"]
[Result "1-0"]
[WhiteElo "2437"]
[BlackElo "2250"]
[PlyCount "91"]
[EventDate "2021.08.10"]
[EventType "swiss (blitz)"]
[EventRounds "11"]
[EventCountry "USA"]
[SourceTitle "CBM 203 Extra"]
[Source "ChessBase"]
[SourceDate "2021.09.30"]
[SourceVersion "1"]
[SourceVersionDate "2021.09.30"]
[SourceQuality "1"]

1. d4 Nf6 2. c4 e6 3. Nc3 Bb4 4. Qc2 0-0 5. a3 Bxc3+ 6. Qxc3 d5 7. e3 b6 8. Nf3 Bb7 9. b3 Nbd7 10. Bb2 Ne4 11. Qc2 c5 12. Bd3 cxd4 13. exd4 Rc8 14. 0-0 Ndf6 15. a4 dxc4 16. bxc4 Nd6 17. Ne5 Be4 18. Qe2 Bxd3 19. Qxd3 Qc7 20. Ba3 Rfd8 21. Bxd6 Qxd6 22. Rfd1 Nd7 23. Nxd7 Rxd7 24. a5 Rdc7 25. axb6 axb6 26. Rac1 g6 27. h4 h5 28. g3 Kg7 29. Rc3 Rc6 30. Rdc1 Rd8 31. d5 exd5 32. cxd5 Rxc3 33. Qxc3+ Kh7 34. Rd1 Qc5 35. Qf6 Rd7 36. d6 Qc6 37. Rd4 b5 38. g4 hxg4 39. h5 Qc1+ 40. Kg2 Qh6 41. Rxg4 gxh5 42. Qf5+ Kh8 43. Qe5+ Kh7 44. Qe4+ Kh8 45. Qe8+ Kh7 46. Qg8# 1-0

[Event "USA tt"]
[Site "ICC INT"]
[Date "2006.09.13"]
[Round "3"]
[White "Naroditsky, Daniel"]
[Black "Bengtson, Matthew"]
[Result "1/2-1/2"]
[WhiteElo "2257"]
[BlackElo "2250"]
[PlyCount "40"]
[EventDate "2006.08.30"]
[EventType "team"]
[EventRounds "10"]
[EventCountry "USA"]
[SourceTitle "CBM 114 Extra"]
[Source "ChessBase"]
[SourceDate "2006.11.03"]
[SourceVersion "1"]
[SourceVersionDate "2006.11.03"]
[SourceQuality "1"]
[WhiteTeam "San Francisco"]
[BlackTeam "Philadelphia Masterminds"]
[WhiteTeamCountry "USA"]
[BlackTeamCountry "USA"]

1. e4 c6 2. d4 d5 3. Nc3 dxe4 4. Nxe4 Bf5 5. Ng3 Bg6 6. Nf3 Nf6 7. h4 h6 8. h5 Bh7 9. Bd3 Bxd3 10. Qxd3 e6 11. Bd2 Be7 12. 0-0-0 0-0 13. Rhe1 c5 14. Bc3 Qc7 15. dxc5 Nbd7 16. Qc4 Nxc5 17. Kb1 Rac8 18. Ne5 Ncd7 19. Qxc7 Rxc7 20. Nxd7 Nxd7 1/2-1/2

[Event "USA tt"]
[Site "ICC INT"]
[Date "2005.09.28"]
[Round "5"]
[White "Bengtson, Matthew"]
[Black "Espino, Miguel"]
[Result "1/2-1/2"]
[WhiteElo "2275"]
[BlackElo "2322"]
[PlyCount "117"]
[EventDate "2005.10.05"]
[EventType "team"]
[EventRounds "10"]
[EventCountry "USA"]
[SourceTitle "CBM 108 Extra"]
[Source "ChessBase"]
[SourceDate "2005.11.04"]
[SourceVersion "1"]
[SourceVersionDate "2005.11.04"]
[SourceQuality "1"]

1. d4 g6 2. e4 Bg7 3. Nc3 c6 4. Bc4 b5 5. Bb3 d6 6. Qf3 e6 7. Nge2 Ne7 8. 0-0 0-0 9. Bg5 e5 10. dxe5 dxe5 11. Rad1 Qc7 12. Qg3 a5 13. Qh4 Ra7 14. a3 Na6 15. Be3 Rb7 16. a4 b4 17. Nb1 c5 18. Nd2 Rb6 19. Bg5 Nc6 20. c3 bxc3 21. bxc3 c4 22. Bxc4 Nc5 23. Be3 Nxa4 24. Bxb6 Nxb6 25. Ba2 Ba6 26. Rfe1 Na4 27. Nb1 Nc5 28. Nc1 Rb8 29. Rd2 h5 30. Qg3 Kh7 31. Na3 Bh6 32. Rc2 Bxc1 33. Rexc1 Nxe4 34. Qe3 Nd6 35. Rd1 e4 36. Qc5 Bd3 37. Rcd2 Rd8 38. Bd5 Rc8 39. Nc4 Nxc4 40. Bxc4 Ne5 41. Qxc7 Rxc7 42. Bxd3 Nxd3 43. Ra2 Rxc3 44. Rxa5 Rc2 45. Rf1 f5 46. Ra8 h4 47. h3 Kh6 48. Re8 Kg5 49. f3 exf3 50. Rxf3 Nf4 51. Rf2 Rc1+ 52. Rf1 Rc2 53. Rf2 Rc1+ 54. Kh2 Nh5 55. Rfe2 Ng3 56. Re1 Rc2 57. R8e3 Rb2 58. Re6 Rc2 59. R6e3 1/2-1/2

[Event "World op 31st"]
[Site "Philadelphia"]
[Date "2003.07.02"]
[Round "3"]
[White "Reeder, Andrew"]
[Black "Bengtson, Matthew"]
[Result "1/2-1/2"]
[WhiteElo "2145"]
[BlackElo "2294"]
[PlyCount "90"]
[EventDate "2003.06.30"]
[EventType "swiss"]
[EventRounds "9"]
[EventCountry "USA"]
[SourceTitle "EXT 2004"]
[Source "ChessBase"]
[SourceDate "2003.11.25"]
[SourceVersion "1"]
[SourceVersionDate "2003.11.25"]
[SourceQuality "1"]

1. d4 Nf6 2. Bg5 Ne4 3. Bf4 c5 4. d5 Qb6 5. Bc1 g6 6. f3 Nd6 7. e4 Bg7 8. Nc3 f5 9. exf5 Nxf5 10. Nh3 0-0 11. Be2 Na6 12. 0-0 Nc7 13. Kh1 Qb4 14. Ne4 Qd4 15. c3 Qxd5 16. Qxd5+ Nxd5 17. Bc4 e6 18. Bxd5 exd5 19. Nxc5 d4 20. cxd4 Nxd4 21. Nf4 b6 22. Ncd3 Ba6 23. Rd1 Rae8 24. Nb4 Bb7 25. Nfd5 a5 26. Be3 Nf5 27. Bxb6 axb4 28. Nxb4 Re2 29. Rxd7 Rxb2 30. Bc5 Rc8 31. Rxb7 Rxc5 32. Rxg7+ Kxg7 33. Nd3 Rbc2 34. Nxc5 Rxc5 35. a4 Ra5 36. Kg1 Nd4 37. Kf2 Ne6 38. Ke3 Nc5 39. Rc1 Kf6 40. f4 Ke6 41. g4 Nxa4 42. Rc7 Nb6 43. Rc6+ Kf7 44. Rxb6 Ra2 45. Rb7+ Kg8 1/2-1/2

[Event "Vermont CCA op"]
[Site "Stratton Mountain"]
[Date "2003.06.06"]
[Round "5"]
[White "Adamson, Robby"]
[Black "Bengtson, Matthew"]
[Result "1-0"]
[WhiteElo "2308"]
[BlackElo "2294"]
[PlyCount "79"]
[EventDate "2003.06.03"]
[EventType "swiss"]
[EventRounds "10"]
[EventCountry "USA"]
[SourceTitle "CBM 094 Extra"]
[Source "ChessBase"]
[SourceDate "2003.07.09"]
[SourceVersion "2"]
[SourceVersionDate "2003.07.09"]
[SourceQuality "1"]

1. e4 c5 2. Nf3 e6 3. d4 cxd4 4. Nxd4 a6 5. Bd3 Bc5 6. Nb3 Ba7 7. 0-0 Nc6 8. Nc3 Nf6 9. Qe2 d6 10. Be3 Bxe3 11. Qxe3 b5 12. Rad1 Qc7 13. Bxb5 axb5 14. Nxb5 Qe7 15. Nxd6+ Kf8 16. Qc3 Bd7 17. Nc5 Be8 18. b4 e5 19. Nf5 Qa7 20. Rd6 g6 21. Rxc6 Bxc6 22. Qxe5 gxf5 23. Qxf6 Rg8 24. Qxc6 Rg6 25. Qd5 Qxa2 26. c4 fxe4 27. Qxe4 Rd8 28. h4 Qd2 29. h5 Rg8 30. Qxh7 Rd4 31. Ra1 Qg5 32. Ra8+ Rd8 33. Rxd8+ Qxd8 34. Qh6+ Rg7 35. Qh8+ Rg8 36. Qh6+ Rg7 37. g3 Qd4 38. Kg2 Qxc4 39. Qh8+ Rg8 40. Nd7+ 1-0

[Event "Chesswise int op"]
[Site "Stratton Mountain"]
[Date "2000.07.10"]
[Round "1"]
[White "Mac Intyre, Paul"]
[Black "Bengtson, Matthew"]
[Result "1-0"]
[WhiteElo "2319"]
[BlackElo "2321"]
[PlyCount "133"]
[EventDate "2000.07.10"]
[EventType "swiss"]
[EventRounds "9"]
[EventCountry "USA"]
[SourceTitle "EXT 2001"]
[Source "ChessBase"]
[SourceDate "2000.11.22"]
[SourceVersion "1"]
[SourceVersionDate "2000.11.22"]
[SourceQuality "1"]

1. e4 e6 2. d4 d5 3. Nc3 Bb4 4. e5 c5 5. a3 Bxc3+ 6. bxc3 Ne7 7. a4 Nbc6 8. Nf3 Qa5 9. Qd2 Bd7 10. Bd3 f6 11. exf6 gxf6 12. dxc5 Qxc5 13. Ba3 Qa5 14. c4 dxc4 15. Bxc4 Qxd2+ 16. Nxd2 Ne5 17. Bb3 Kf7 18. f4 Ng4 19. Ne4 Nf5 20. 0-0-0 Rad8 21. Rhe1 Rhe8 22. Nc5 Bc8 23. Rxd8 Rxd8 24. Nxe6 Bxe6 25. Bxe6+ Kg6 26. h3 Ngh6 27. g4 Nd4 28. Bc4 f5 29. Bb2 fxg4 30. Bd3+ Kh5 31. hxg4+ Kxg4 32. Bxh7 Ndf5 33. Be5 Rd7 34. Bg6 Ng3 35. Bd3 Nhf5 36. Kb2 Rh7 37. Rg1 Rf7 38. Be2+ Kh3 39. Bc4 Re7 40. Bd3 Kh2 41. Rb1 Kg2 42. Kc3 Kf3 43. Rb3 Ne4+ 44. Kb2 Ne3 45. Rb4 Ng3 46. Rd4 Ne2 47. Bxe2+ Kxe2 48. c4 Kf3 49. Kc3 Nf5 50. Rd8 Ke4 51. Bb8 Ke3 52. Rf8 Ke4 53. Rd8 Ke3 54. a5 Ke4 55. Rd5 Re6 56. Rd1 Re7 57. Re1+ Kf3 58. Rxe7 Nxe7 59. Kd3 Nc6 60. Bc7 Ne7 61. Kd4 Kg4 62. Ke4 Nf5 63. Ke5 Ne3 64. c5 a6 65. Ke6 Nf5 66. Kd7 Nd4 67. Kc8 1-0

[Event "Washington Eastern op"]
[Site "Washington DC"]
[Date "1999.12.27"]
[Round "4"]
[White "Boudreaux, Floyd"]
[Black "Bengtson, Matthew"]
[Result "1/2-1/2"]
[WhiteElo "2279"]
[BlackElo "2306"]
[PlyCount "46"]
[EventDate "1999.12.26"]
[EventType "swiss"]
[EventRounds "8"]
[EventCountry "USA"]
[SourceTitle "CBM 073 Extra"]
[Source "ChessBase"]
[SourceDate "2000.01.11"]
[SourceVersion "1"]
[SourceVersionDate "2000.01.11"]
[SourceQuality "1"]

1. Nf3 c5 2. c4 Nf6 3. Nc3 b6 4. e4 d6 5. d4 cxd4 6. Nxd4 Bb7 7. f3 e6 8. Be3 Be7 9. Be2 a6 10. 0-0 0-0 11. Qd2 Nbd7 12. Rfd1 Qc7 13. Rac1 Rac8 14. Bf1 Qb8 15. Qf2 Bd8 16. b3 Bc7 17. g3 Ne5 18. Bg2 Rfe8 19. Nde2 Ba8 20. h3 Ned7 21. a4 Bb7 22. Kh1 Qa8 23. Nf4 Nc5 1/2-1/2

[Event "Washington Eastern op"]
[Site "Washington DC"]
[Date "1998.12.27"]
[Round "3"]
[White "Kaufman, Larry C"]
[Black "Bengtson, Matthew"]
[Result "1/2-1/2"]
[WhiteElo "2400"]
[BlackElo "2275"]
[PlyCount "52"]
[EventDate "1998.12.??"]
[EventType "swiss"]
[EventRounds "8"]
[EventCountry "USA"]
[SourceTitle "EXT 2000"]
[Source "ChessBase"]
[SourceDate "1999.11.16"]
[SourceVersion "1"]
[SourceVersionDate "1999.11.16"]
[SourceQuality "1"]

1. d4 Nf6 2. c4 g6 3. Nf3 Bg7 4. g3 0-0 5. Bg2 d5 6. cxd5 Nxd5 7. 0-0 Nb6 8. Nc3 Nc6 9. Bf4 Nxd4 10. Nxd4 Bxd4 11. Qc1 Bg7 12. Rd1 Nd7 13. Ne4 c6 14. Bh6 Qa5 15. Bxg7 Kxg7 16. a3 Nf6 17. b4 Qc7 18. Qc3 Bf5 19. Nc5 Rad8 20. b5 Rxd1+ 21. Rxd1 Rd8 22. Rc1 Kg8 23. bxc6 bxc6 24. h3 Bc8 25. Nd3 Bb7 26. Ne5 c5 1/2-1/2

[Event "World op 26th"]
[Site "Philadelphia"]
[Date "1998.07.01"]
[Round "5"]
[White "Shaked, Tal"]
[Black "Bengtson, Matthew"]
[Result "1-0"]
[WhiteElo "2535"]
[BlackElo "2245"]
[PlyCount "47"]
[EventDate "1998.06.27"]
[EventType "swiss"]
[EventRounds "9"]
[EventCountry "USA"]
[SourceTitle "EXT 1999"]
[Source "ChessBase"]
[SourceDate "1998.11.16"]
[SourceVersion "1"]
[SourceVersionDate "1998.11.16"]
[SourceQuality "1"]

1. e4 d6 2. d4 Nf6 3. Nc3 g6 4. Be3 c6 5. h3 Nbd7 6. f4 e5 7. Nf3 Qc7 8. Bd3 Bg7 9. 0-0 exd4 10. Bxd4 0-0 11. Qd2 b6 12. Rae1 Bb7 13. e5 dxe5 14. fxe5 Nd5 15. e6 fxe6 16. Bxg7 Kxg7 17. Ng5 Nc5 18. Nce4 Qe7 19. Nxc5 Qxc5+ 20. Kh1 Nc7 21. Bc4 Rad8 22. Qc3+ Qd4 23. Rxf8 Qxc3 24. Rf7+ 1-0

[Event "World op 26th"]
[Site "Philadelphia"]
[Date "1998.06.30"]
[Round "4"]
[White "Bengtson, Matthew"]
[Black "Traldi, Matthew"]
[Result "1-0"]
[WhiteElo "2245"]
[BlackElo "2110"]
[PlyCount "109"]
[EventDate "1998.06.27"]
[EventType "swiss"]
[EventRounds "9"]
[EventCountry "USA"]
[SourceTitle "EXT 1999"]
[Source "ChessBase"]
[SourceDate "1998.11.16"]
[SourceVersion "1"]
[SourceVersionDate "1998.11.16"]
[SourceQuality "1"]

1. d4 Nf6 2. c4 g6 3. Nc3 Bg7 4. e4 d6 5. Nf3 0-0 6. Be2 e5 7. 0-0 Nc6 8. d5 Ne7 9. b4 Nh5 10. Re1 f5 11. Ng5 Nf4 12. Bxf4 exf4 13. Rc1 fxe4 14. Ngxe4 Nf5 15. Bg4 Be5 16. c5 Qh4 17. Bxf5 Bxf5 18. f3 a6 19. Qd2 g5 20. h3 Rae8 21. Nd1 h5 22. Ndf2 g4 23. fxg4 hxg4 24. hxg4 Bxg4 25. cxd6 cxd6 26. Rc7 f3 27. Qg5+ Qxg5 28. Nxg5 Bd4 29. Rxe8 Rxe8 30. gxf3 Bf5 31. Kf1 Re5 32. Rxb7 Rxd5 33. Nge4 Be6 34. Ng4 Rb5 35. Rxb5 axb5 36. Nxd6 Bxa2 37. Kg2 Bc3 38. Nxb5 Bxb4 39. Nd4 Bd5 40. Nf6+ Kf7 41. Nxd5 Bd6 42. Kh3 Be5 43. Nf5 Ke6 44. Nfe3 Bb8 45. Kg4 Be5 46. Nf4+ Kf7 47. Kf5 Bb8 48. Ng4 Kg7 49. Ne5 Ba7 50. Ne6+ Kg8 51. Kg6 Be3 52. Nf7 Bc1 53. Nh6+ Bxh6 54. Kxh6 Kf7 55. Ng5+ 1-0

[Event "Harvard-MIT m"]
[Site "USA"]
[Date "1996.??.??"]
[Round "2"]
[White "Gelman, Geoffrey"]
[Black "Bengtson, Matthew"]
[Result "0-1"]
[WhiteElo "2300"]
[BlackElo "2290"]
[PlyCount "64"]
[EventDate "1996.02.25"]
[EventType "match"]
[EventRounds "2"]
[EventCountry "USA"]
[SourceTitle "EXT 2005"]
[Source "ChessBase"]
[SourceDate "2004.11.15"]
[SourceVersion "1"]
[SourceVersionDate "2004.11.15"]
[SourceQuality "1"]

1. e4 d6 2. d4 Nf6 3. Nc3 g6 4. Bc4 Bg7 5. Nf3 0-0 6. 0-0 Nxe4 7. Nxe4 d5 8. Bd3 dxe4 9. Bxe4 c5 10. dxc5 Qc7 11. c3 Qxc5 12. Be3 Qc7 13. Nd4 Nd7 14. Re1 Ne5 15. Bf4 Qb6 16. Qb3 Qc5 17. Rad1 Nc4 18. Bd3 Na5 19. Qa4 e5 20. b4 Qxc3 21. Nb5 Qc6 22. Bxe5 Bxe5 23. Rxe5 Nc4 24. Bxc4 Qxc4 25. Rc5 Qg4 26. h3 Qe2 27. Rdc1 Bd7 28. Nc3 Qe6 29. Qc2 b6 30. Rc7 Rfc8 31. Ne4 Rxc7 32. Qxc7 Rc8 0-1

[Event "Harvard-MIT"]
[Site "USA"]
[Date "1995.05.07"]
[Round "2"]
[White "Bengtson, Matthew"]
[Black "Cheiner, Oleg"]
[Result "1/2-1/2"]
[WhiteElo "2330"]
[BlackElo "2300"]
[PlyCount "58"]
[EventDate "1995.05.07"]
[EventType "match"]
[EventRounds "2"]
[EventCountry "USA"]
[SourceTitle "EXT 2005"]
[Source "ChessBase"]
[SourceDate "2004.11.15"]
[SourceVersion "1"]
[SourceVersionDate "2004.11.15"]
[SourceQuality "1"]

1. d4 g6 2. e4 Bg7 3. c4 d6 4. Nc3 Nf6 5. h3 c6 6. Bg5 0-0 7. Qd2 a6 8. Nf3 b5 9. a3 Nbd7 10. b4 a5 11. Rb1 bxc4 12. Bxc4 axb4 13. axb4 d5 14. Bd3 dxe4 15. Nxe4 Nxe4 16. Bxe4 Qb6 17. 0-0 Nf6 18. Bxf6 Bxf6 19. Rfc1 Bb7 20. Rc4 Ra6 21. Ne5 Rd8 22. Qc3 Ra2 23. Rb2 Rxb2 24. Qxb2 Ba6 25. Rc5 Bb5 26. Qb3 e6 27. Qf3 Kg7 28. Qc3 Rd6 29. g3 h5 1/2-1/2